An Introduction to Sufi doctrine (Record no. 542283)

000 -LEADER
fixed length control field 00445nam a2200169Ia 4500
020 ## - INTERNATIONAL STANDARD BOOK NUMBER
International Standard Book Number (hb)
082 ## - DEWEY DECIMAL CLASSIFICATION NUMBER
Classification number 297.4
Author Mark BUR
100 ## - MAIN ENTRY--PERSONAL NAME
Personal name Burckhardt- Titus
9 (RLIN) 28518
245 ## - TITLE STATEMENT
Title An Introduction to Sufi doctrine
260 ## - PUBLICATION, DISTRIBUTION, ETC.
Place of publication, distribution, etc. Lahore
Name of publisher, distributor, etc. Suhail Academy
Date of publication, distribution, etc. 1983
300 ## - PHYSICAL DESCRIPTION
Extent 126p.
526 ## - STUDY PROGRAM INFORMATION NOTE
Program name 0
Interest level 0
Reading level 0
Title point value 297_400000000000000_BUR
650 ## - SUBJECT ADDED ENTRY--TOPICAL TERM
Topical term or geographic name entry element Mysticism -- Islam
9 (RLIN) 37375
650 ## - SUBJECT ADDED ENTRY--TOPICAL TERM
Topical term or geographic name entry element Sufism
9 (RLIN) 6129
700 ## - ADDED ENTRY--PERSONAL NAME
Personal name Matheson- D. M.
9 (RLIN) 37416
942 ## - ADDED ENTRY ELEMENTS (KOHA)
Source of classification or shelving scheme
Koha item type Book
Holdings
Withdrawn status Lost status Source of classification or shelving scheme Damaged status Not for loan Permanent Location Current Location Date acquired Total Checkouts Full call number Barcode Date last seen Price effective from Koha item type
          Military College of Engineering (MCE) Military College of Engineering (MCE) 10/01/2013   297.4 BUR MCE-21384 10/01/2013 10/01/2013 Book
© 2023 Central Library, National University of Sciences and Technology. All Rights Reserved.